Mosaic 1 Listening/Speaking

Gorde:
Xehetasun bibliografikoak
Egile nagusia: Hanreddy, Jami
Beste egile batzuk: Whalley, Elizabeth
Formatua: Liburua
Hizkuntza:English
Argitaratua: TP Hồ Chí Minh McGraw - Hill; Tổng hợp TP Hồ Chí Minh 2009
Edizioa:Silver edition
Saila:Tủ sách tiếng Anh cho sinh viên
Gaiak:
Etiketak: Etiketa erantsi
Etiketarik gabe, Izan zaitez lehena erregistro honi etiketa jartzen!
Thư viện lưu trữ: Trung tâm Học liệu Lê Vũ Hùng, Trường Đại học Đồng Tháp
LEADER 01083pam a22003498a 4500
001 00032301
005 20171026081025.0
008 140606s2009 ||||||engsd
020 # # |c 85000  |a 9780071258388 
041 0 # |a eng 
082 1 4 |a 428  |b M400S 
100 1 # |a Hanreddy, Jami 
245 1 0 |a Mosaic 1  |b Listening/Speaking  |c Jami Hanreddy, Elizabeth Whalley 
250 # # |a Silver edition 
260 # # |a TP Hồ Chí Minh  |b McGraw - Hill; Tổng hợp TP Hồ Chí Minh  |c 2009 
300 # # |a xix, 221 p.  |b ill.  |c 26 cm.  |e 1 CD 
490 # # |a Tủ sách tiếng Anh cho sinh viên 
653 # # |a Kỹ năng nghe 
653 # # |a Kỹ năng nói 
653 # # |a Tự học 
653 # # |a Tiếng Anh 
653 # # |a Ngôn ngữ 
700 1 # |a Whalley, Elizabeth 
852 # # |j KM.0016958  |j KD.0019914  |j KM.0016957 
852 # # |b Kho đọc  |j KD.0019914 
852 # # |b Kho mượn  |j KM.0016957, KM.0016958 
910 0 # |d 6/6/2014 
980 # # |a Trung tâm Học liệu Lê Vũ Hùng, Trường Đại học Đồng Tháp